000 00492cam a22001934a 4500
005 20250605164311.0
008 250528s ||||||||||||||||||||||||d
035 _a22494
020 _a9789608337121
040 _aGR-AtMCL
_bgre
_dGR-AtMCL
_eAACR2
245 1 _aΤΟ ΚΟΡΙΤΣΙ ΔΙΧΩΣ ΟΝΟΜΑ
250 _a1
260 _bGrafo,
_c2012
300 _a15
700 1 _aΣυμεωνιδου Χρυσα-Μαρια
_98311
942 _cBK
999 _c7546
_d7546